000 00363nam a2200133 4500
245 _aIntroductory nuclear physics
_cby Samuel S. M. Wong
100 _aWong, Samuel S. M.
260 _aNew Delhi
_bPrentice-Hall of India
_cc1990
300 _a[6],486p.:ill.; 22cm.
020 _a8120309901
082 _a539.7
_bWON
650 _aNuclear physics
650 _aPhysics
999 _c53370
_d53370